000 00504nam a2200193Ia 4500
005 20250423100629.0
008 250422s9999 xx 000 0 und d
020 _a0-87835-847-1
050 _aT 58.6 .S72/
100 _aStair, Ralph M.
245 0 _aPrinciples of information systems : a managerial approach
250 _aannotated instructor`s ed.
260 _aBoston
260 _bBoyd & Fraser Publishing Company
260 _c1992
300 _a700 p
650 _aComputer
942 _cBK
999 _c33886
_d33886